000 00565cam a2200193 4500
001 3608
005 20181127171613.0
008 960802s1997 nyua b 000 0 eng
010 _a 96061108
020 _a1848310087
100 1 _aRobinson, Dave.
245 1 0 _aIntroducing ethics /
_cDave Robinson and Chris Garratt.
260 _aNew York, NY :
_bTotem Books,
_a
_b
_c2009.
300 _a175 p. :
_bill. ;
_c21 cm.
504 _aIncludes bibliographical references (p. 174-175).
650 0 _aEthics.
700 1 _aAppignanesi, Richard.
700 1 _aGarratt, Chris.
999 _c2940
_d2940